Velká kniha o řízení firmy praktické postupy pro úspěšný rozvoj
Gespeichert in:
| 1. Verfasser: | |
|---|---|
| Weitere Verfasser: | |
| Format: | Buch |
| Sprache: | Tschechisch |
| Veröffentlicht: |
Praha
GRADA
2013
|
| Ausgabe: | 1. vyd. |
| Schlagworte: | |
| Tags: |
Keine Tags, Fügen Sie das erste Tag hinzu!
|
MARC
| LEADER | 00000nam a2200000 4500 | ||
|---|---|---|---|
| 001 | 0194762 | ||
| 005 | 20221207093918.2 | ||
| 020 | |a 978-80-247-4337-0 | ||
| 041 | 0 | |a cze | |
| 044 | |a CZ | ||
| 245 | 1 | 0 | |a Velká kniha o řízení firmy |b praktické postupy pro úspěšný rozvoj |c Dana Janišová, Mirko Křivánek |
| 250 | |a 1. vyd. | ||
| 264 | 1 | |a Praha |b GRADA |c 2013 | |
| 300 | |a 394 s. | ||
| 610 | 2 | 0 | |a riadenie podnikové |
| 610 | 2 | 0 | |a riadenie strategické |
| 610 | 2 | 0 | |a stratégia podniková |
| 610 | 2 | 0 | |a riadenie ľudských zdrojov |
| 610 | 2 | 0 | |a riadenie finančné |
| 610 | 2 | 0 | |a technológie informačné |
| 610 | 2 | 0 | |a technológie komunikačné |
| 610 | 2 | 0 | |a organizácia podniku |
| 610 | 2 | 0 | |a zmeny štruktúrne |
| 610 | 2 | 0 | |a riadenie projektové |
| 100 | 1 | |a Janišová, Dana | |
| 700 | 1 | |a Křivánek, Mirko | |